00783nam0a22002051 4500001001100000005001700011035002600028100004100054101000800095102000700103105001800110200020200128210006000330215007800390700003300468801001800501801002200519852001800541852001800559rc\263888620250529185247.0 a(NLR Aleph) 006946969 a20110603d1929 |||y0rusy50 ca0 arus aRU ay z |||||1 aОчерки экономики каракулеводства Узбекской ССРfК.В. АрасимовичgУзССР. Нар ком. зем. планово-экономич. бюро aСамаркандcНаркомзем УзССРd1929 a[4], VI, 293 с.d26 смeПриложение. 1929. VIII, 408, [2] с. 1aАрасимовичbК.В. 0aRUbNLRgpsbo 1aRUbELAR2rusmarc aNLRj31-5/488 aNLRj30.5/769